| 000 | 00379nam a22001457a 4500 | ||
|---|---|---|---|
| 003 | SGT | ||
| 082 |
_a617.645 _bN24T |
||
| 100 | _aTrivedi, Snighdha | ||
| 245 | _aNon-Pharmacological techniques of behaviour management | ||
| 260 |
_aGurugram, Haryana _bSGT University _c2023 |
||
| 300 | _a55 | ||
| 650 | _aPediatric Dentistry | ||
| 653 | _aPediatric Dentistry | ||
| 942 |
_2ddc _cTH |
||
| 999 |
_c25610 _d25610 |
||